| 000 | 01074 a2200277 4500 | ||
|---|---|---|---|
| 005 | 20180312141944.0 | ||
| 008 | 131004b sp a br|||| 00| 0 spa d | ||
| 020 | _a848055407X | ||
| 040 |
_aCO-BoUCM _bspa _cJose A. Gerena _dJose A. Gerena |
||
| 041 | 0 | 0 | _aspa |
| 100 |
_aBarros, Virginia _947265 |
||
| 245 | 0 | 4 |
_aLos juguetes de Guille se aburren _ctextos de Virginia Barros, Esther de la Paz ; ilustraciones de Luis M. Bilbao y Alfonso Cerdán |
| 260 |
_bCultural _aMadrid (España) _c[sin fecha] |
||
| 300 |
_a[16] páginas _bilustraciones a color |
||
| 490 |
_aDivertiletras _v8 |
||
| 650 | 7 |
_918684 _aLiteratura infantil española |
|
| 650 | 7 |
_918516 _aLibros ilustrados para niños |
|
| 650 | 7 |
_918524 _aLibros y lectura para niños |
|
| 650 | 7 |
_920374 _aNiños en la literatura |
|
| 690 |
_942863 _aLiteratura europea |
||
| 700 | 1 |
_aBilbao, Luis M. _eilustrador _947417 |
|
| 700 | 1 |
_aCerdán, Alfonso _eilustrador _947422 |
|
| 700 | 1 |
_aPaz, Esther de la _947266 |
|
| 942 |
_2DEWEY _a18 _cLIBRO _e1 _h868.64 _mB277j _n0 |
||
| 999 |
_c181868 _d181868 |
||